La circulation du modele juridique francais: journées franco-italiennes

Uloženo v:
Podrobná bibliografie
Korporativní autor: Association Henri Capitant des amis de la Culture Juridique francaise (Autor)
Médium: Kniha
Jazyk:francouzština
Vydáno: París Libraire de la Cour de Cassation 1993
Vydání:1a. ed
Edice:Travaux de l'Association Henri Capitant, 44
Témata:
Tagy: Přidat tag
Žádné tagy, Buďte první, kdo vytvoří štítek k tomuto záznamu!

MARC

LEADER 00000cam a2200000 a 4500
001 UCD2534
003 CL-VaPUC
008 160428e19930000fr |||||||||||||||||fre|d
020 |a 2711123944 
082 0 4 |a 340.044  |b ASS  |2 21 
110 2 |a Association Henri Capitant des amis de la Culture Juridique francaise  |e author  |9 585889 
245 1 3 |a La circulation du modele juridique francais: journées franco-italiennes 
250 |a 1a. ed 
300 |a 661 p 
942 |c BK 
945 |d 20160428 21:50:00  |a arojas 
260 |a París  |b Libraire de la Cour de Cassation  |c 1993 
650 0 |a Estado de derecho  |9 257795 
650 7 |a SISTEMA JURIDICO  |2 CL-VaPUC  |9 585890 
650 0 |a Leyes  |9 256670 
651 0 |a Francia  |9 255157 
583 |a last modification  |c 20160428 21:50:00  |k Rodrigo Vera 
490 0 |a Travaux de l'Association Henri Capitant, 44 
999 |c 363688  |d 363686 
952 |0 0  |1 0  |3 erb  |4 0  |6 340_044000000000000_ASS_1993  |7 0  |8 DER_HDC  |9 476340  |a BIBDER  |b BIBDER  |i 5283701  |l 1  |o 340.044 ASS 1993  |p 5283701  |r 2023-01-25  |s 2020-03-16  |w 2019-11-24  |x Ubicación 4to Piso  |y BK  |z Estos recursos deben solicitarse con anticipación  |k DER